000
00202nam a22000977a 4500
999
_c
16060
_d
16060
003
OSt
008
191028b ||||| |||| 00| 0 eng d
100
_a
Joseph.
_9
4413
245
_a
Thakarchakal
942
_c
BK